000
00331nam a2200133Ia 4500
005
20260328104340.0
008
260328s9999||||xx |||||||||||||| ||und||
100
_a
Restrepo, María Lía
245
0
_a
El Pórtico hecho a mano /
_c
María Lía Restrepo
260
_b
Printer
300
_a
59 p.
650
_a
PUERTAS
942
_c
BK
999
_c
12054
_d
12054